[Event "Worldchess Armageddon 2019"]
[Site "Moscow"]
[Date "2019.06.13"]
[Round "8.1"]
[White "Kramnik, Vladimir"]
[Black "Radjabov, Teimour"]
[Result "1/2-1/2"]
[WhiteElo "2753"]
[BlackElo "2759"]
[Annotator "TA"]
[PlyCount "139"]
[EventDate "2019.06.10"]
[EventCountry "RUS"]
[SourceTitle "playchess.com"]
[Source "ChessBase"]
[SourceQuality "1"]

{[%evp 14,139,16,4,41,-2,27,-4,-6,-4,-1,-5,0,0,0,-24,-1,-22,-10,-14,-11,-12,-15,-19,-24,-26,-28,-18,-14,-47,-11,-54,-53,-58,-43,-43,-47,-56,-47,-56,-36,-70,-80,-91,-89,-105,-104,-127,-94,-82,-70,-76,-67,-69,-75,-83,-70,-111,-112,-117,-119,-140,-8,-8,-8,-8,-5,-44,-51,-59,-57,-57,-59,-59,-59,-59,-59,-98,-59,-59,-59,-59,-59,-59,-35,-49,0,0,0,0,0,0,0,0,0,0,0,0,0,0,0,0,0,-14,0,0,0,0,0,-18,0,-30,-14,-17,-3,-3,0,-25,0,0,0,0,0,0,0,0,0,0]} 1. Nf3 Nf6 2. g3 g6 3. Bg2 Bg7 4. O-O O-O 5. d4 d5 6. c3 c6 7. Nbd2 Bf5 8. Nh4 Bg4 {D02: 1 d4 d5 2 Nf3 sidelines, including 2...Nf6 3 g3 and 2...Nf6 3 Bf4} (8... Be6 9. f4 Na6 10. f5 Bd7 11. e4 dxe4 12. Nxe4 Nxe4 13. Bxe4 Qb6 14. Qb3 Bf6 15. Bh6 Qxb3 16. axb3 {0-1 (62) Artemiev,V (2709)-Duda,J (2738) St Petersburg 2018}) 9. h3 (9. f3 $5 {[%cal Rf3g4]} Be6 10. e4 $11) 9... Bc8 10. Kh2 $146 ({Predecessor:} 10. Nhf3 Nbd7 11. c4 e6 12. Qc2 Re8 13. Rd1 Qe7 14. e4 Nxe4 15. Nxe4 dxe4 16. Qxe4 {0-1 (49) Anurag,M (2487)-Zubov,A (2623) Bastia 2017}) 10... Re8 11. e4 dxe4 12. Nxe4 Nxe4 13. Bxe4 Nd7 14. Bg2 e5 15. dxe5 Nxe5 16. Qxd8 Rxd8 17. Bg5 Re8 18. Rad1 Be6 19. b3 h6 20. Bd2 Rad8 21. c4 Nd3 22. Nf3 b6 23. Be3 c5 $36 {[%mdl 2048] Black is more active.} 24. Rd2 {[#] Black must now prevent Rfd1.} Nb4 25. Rfd1 Rxd2 26. Rxd2 Bf5 27. Nh4 Bb1 $1 28. Rd7 {With the idea a3.} Bxa2 29. Rxa7 Bxb3 30. Rb7 Re6 31. Bf1 Ba4 32. Rb8+ Kh7 33. Rb7 Be8 34. Ng2 Nc2 35. Bd3 Nxe3 36. Nxe3 Bd4 37. Nd5 Kg7 (37... Bxf2 $17 {Hoping for ...h5.} 38. Rxb6 Rxb6 39. Nxb6 h5) 38. Nc7 $11 Re7 {[#] Strongly threatening ...Bc6.} 39. Nxe8+ Rxe8 {[%mdl 4096] Endgame KRB-KRB} 40. Kg2 Ra8 41. Re7 Ra3 42. Be2 Ra2 {...Kf8 is the strong threat.} 43. Kf3 Rc2 44. Rb7 Rb2 45. h4 h5 46. Re7 Kf6 47. Rd7 Ke6 48. Rb7 f6 49. Rg7 Rb3+ 50. Kg2 Kf5 51. Re7 g5 52. hxg5 Kxg5 53. Rh7 Rb2 54. Kf3 f5 55. Rf7 Ra2 56. Rf8 Rb2 57. Rf7 Kg6 58. Rf8 Rd2 59. Rb8 Rb2 60. Rg8+ Kf7 61. Rb8 f4 62. Rd8 fxg3 63. fxg3 Rb3+ 64. Kg2 Rb2 65. Kf3 Ke7 66. Rd5 {The position is equal.} Rb3+ 67. Kg2 Rb2 68. Kf3 Rb3+ 69. Kg2 Rb2 70. Kf3 {Accuracy: White = 70%, Black = 55%.} 1/2-1/2

[Event "Worldchess Armageddon 2019"]
[Site "Moscow"]
[Date "2019.06.13"]
[Round "8.2"]
[White "Radjabov, Teimour"]
[Black "Kramnik, Vladimir"]
[Result "1/2-1/2"]
[WhiteElo "2759"]
[BlackElo "2753"]
[Annotator "RC"]
[PlyCount "118"]
[EventDate "2019.06.10"]
[EventCountry "RUS"]
[SourceTitle "playchess.com"]
[Source "ChessBase"]
[SourceQuality "1"]
[TimeControl "180+2"]

1. d4 Nf6 2. c4 e6 3. Nf3 d5 4. Bg5 dxc4 5. Qa4+ Nbd7 6. Bxf6 gxf6 7. Nc3 a6 8. e3 b5 9. Nxb5 axb5 10. Qxa8 Bb4+ 11. Kd1 Nb6 12. Qe4 O-O 13. h4 Nd5 14. Rh3 f5 15. Qc2 Bd6 16. Be2 Kh8 17. Ke1 Bb7 18. Kf1 Rg8 19. a4 c6 20. b3 c3 21. axb5 cxb5 22. Bxb5 Qf8 23. Ra7 Qb8 24. Ra4 Nb4 25. Qe2 c2 26. Ra1 Be4 27. Ng5 Qc7 28. Bc4 Bd5 29. Rc1 f6 30. Nf3 Rc8 31. Ne1 Bxc4 32. bxc4 Qxc4 33. Qxc4 Rxc4 34. Ke2 Bc7 35. h5 Kg7 36. Rh1 e5 37. Nxc2 Na2 38. dxe5 Nxc1+ 39. Rxc1 fxe5 40. Kd1 Kh6 41. Ne1 Rxc1+ 42. Kxc1 e4 43. Kd2 Ba5+ 44. Ke2 Kxh5 45. Nc2 Kg5 46. Nd4 Bb6 47. Ne6+ Kf6 48. Nf4 Ba5 49. g3 Ke5 50. Kf1 Bb4 51. Kg2 Be1 52. Ne2 Kf6 53. Nd4 Kg6 54. Ne6 Kf6 55. Nf4 Kg5 56. Kf1 Ba5 57. Ke2 Kg4 58. Nd5 Bd8 59. Nf4 Bg5 1/2-1/2

[Event "Worldchess Armageddon 2019"]
[Site "Moscow"]
[Date "2019.06.13"]
[Round "8.3"]
[White "Radjabov, Teimour"]
[Black "Kramnik, Vladimir"]
[Result "1/2-1/2"]
[WhiteElo "2759"]
[BlackElo "2753"]
[Annotator "TA"]
[PlyCount "86"]
[EventDate "2019.06.10"]
[EventCountry "RUS"]
[SourceTitle "playchess.com"]
[Source "ChessBase"]
[SourceQuality "1"]

{[%evp 18,86,4,10,11,0,0,0,0,0,0,0,38,27,33,-10,5,5,0,0,0,-4,-10,-16,-13,-47,-52,-61,-37,-145,-95,-154,-161,-210,-111,-103,-58,-58,-54,-60,-54,-53,-24,-24,-26,-53,-42,-54,-50,-112,-120,-136,-121,-125,-102,-170,-170,-292,-274,-274,-88,-89,-80,-77,-48,-46,0,0,0,0,0]} 1. e4 e5 2. Bc4 Nf6 3. d3 Bc5 4. Nf3 d6 5. O-O O-O 6. c3 Nc6 7. a4 a6 8. b4 Ba7 9. Be3 Bxe3 10. fxe3 Ne7 {C54: Giuoco Piano: 4 c3 Nf6, main lines with 5 d4 and 5 d3} (10... d5 11. exd5 Nxd5 12. Qd2 Be6 13. Na3 Qe7 14. e4 Nb6 15. Bxe6 Qxe6 16. Nc2 Rad8 17. Ne3 f6 18. a5 {½-½ (27) Yermolinsky,A (2660)-Anand,V (2770) Madrid 1998}) 11. Nbd2 $146 ({Predecessor:} 11. Qe1 Ng6 12. Nbd2 Qe7 13. Nh4 Be6 14. Nf5 Qd7 15. g4 Bxc4 16. dxc4 Nxg4 17. Qg3 Nh6 18. h4 {0-1 (25) Bueno Abalo,M (2247)-Korneev,O (2583) Ferrol 2002}) 11... Ng6 12. Bb3 a5 13. b5 c6 14. c4 d5 15. cxd5 cxd5 16. Qe2 Be6 17. Ng5 Bg4 18. Qf2 {And now exd5 would win.} h6 19. Ngf3 Be6 20. exd5 Bxd5 21. Bxd5 Qxd5 22. d4 Rad8 23. Rac1 (23. Qg3 $15) 23... exd4 24. Nxd4 {[#]} (24. exd4 $142 Ng4 25. Qg3) 24... Ng4 $1 $17 {[%cal Rg4f2]} 25. Qf3 {[#]} Nxe3 (25... Qe5 $1 $19 {[%csl Gg4][%cal Re5h2][%mdl 512]} 26. Qxg4 Qxe3+ {[%mdl 64] Double Attack} 27. Rf2 Rxd4 {[%mdl 64] Double Attack}) 26. Qxe3 {N2b3 is the strong threat.} Qxd4 (26... Rfe8 {seems wilder.} 27. Qf2 Qxd4 28. Rc7 Re7 29. Rxe7 Nxe7 30. Nb3 Qxf2+ 31. Kxf2 b6) 27. Nc4 Qxe3+ 28. Nxe3 Ne5 29. Rc7 Rd7 30. Rxd7 Nxd7 $11 {[%mdl 4096] Endgame KRN-KRN} 31. Rc1 Nb6 32. Rc7 Rb8 33. Nf5 ({White should play} 33. Nc4 $15 Nxc4 34. Rxc4) 33... Nxa4 $17 34. Nd6 b6 35. Nxf7 Nc5 {aiming for ...a4.} 36. Ne5 (36. Nd6 $17) 36... Re8 $19 37. Nc4 (37. Ng6 $142) 37... Re1+ 38. Kf2 Rb1 $2 (38... Nd3+ $19 39. Kg3 Rb1 40. Rc8+ Kh7 41. Nxb6 Rxb5) 39. Nxb6 $17 Rxb5 40. Nc4 Ne4+ 41. Kf3 Rc5 42. Rxc5 Nxc5 43. Nxa5 Kf7 {Accuracy: White = 46%, Black = 57%.} 1/2-1/2

[Event "Worldchess Armageddon 2019"]
[Site "Moscow"]
[Date "2019.06.14"]
[Round "9.1"]
[White "Radjabov, Teimour"]
[Black "Dubov, Daniil"]
[Result "1/2-1/2"]
[WhiteElo "2759"]
[BlackElo "2700"]
[Annotator "TA"]
[PlyCount "159"]
[EventDate "2019.06.10"]
[EventCountry "RUS"]
[SourceTitle "playchess.com"]
[Source "ChessBase"]
[SourceQuality "1"]

{[%evp 11,159,0,15,6,15,-8,0,0,0,0,0,0,0,0,0,0,2,-12,9,-8,-7,-7,-7,-7,-5,-15,16,6,11,7,33,0,14,0,0,0,0,0,0,0,0,0,0,0,0,0,0,0,0,-12,-10,-26,-15,-18,-7,-24,-19,-19,-25,-26,-25,-26,-8,-43,0,-31,0,-43,-12,-12,0,-27,-23,-45,-20,-57,-52,-108,-124,-108,-45,-178,-194,-290,-270,-243,-225,-414,-221,-341,-339,-330,-256,-414,-352,-503,-535,-501,-280,-273,-276,-251,-269,-475,-453,-432,-426,-867,-862,-832,-816,-774,-624,-633,0,-759,-529,-927,-929,-889,-856,-3074,-4922,-1740,-1310,-1241,0,-1291,0,-1135,0,0,0,0,0,0,0,0,0,0,0,0,0,0,0,0,0,0,0,0]} 1. Nf3 d5 2. c4 d4 3. e3 Nc6 4. exd4 Nxd4 5. Nxd4 Qxd4 6. Nc3 Nf6 7. Be2 {A09: Réti Opening: 1 Nf3 d5 2 c4} c6 (7... Bf5 8. O-O e6 9. d3 c6 10. Be3 Qd7 11. d4 Bd6 12. Bf3 h6 13. Qe2 O-O 14. Rad1 Rfe8 {½-½ (43) Olszewski,M (2548)-Piorun,K (2676) Poland 2016}) 8. O-O (8. d3 {feels hotter.} e5 9. Be3 Qd8 10. d4 Bd6 11. O-O) 8... e5 9. d3 Be7 10. Be3 Qd8 11. Qb3 O-O 12. Rad1 Qc7 13. d4 $146 ({Predecessor:} 13. f4 Ng4 14. Bxg4 Bxg4 {1-0 (25) Jovanovic,D (2387)-Zentai,P (2239) Budapest 2015}) 13... exd4 14. Rxd4 Be6 15. Rfd1 (15. Bf4 $5 {[%cal Rf4c7]} Qb6 16. Qxb6 axb6 17. Bd6 $11) 15... Bc5 16. Bf4 $1 {[%cal Rf4c7]} Qb6 17. Qxb6 axb6 18. R4d2 Rfe8 19. a3 h6 20. h3 Bf5 21. Bf1 g5 22. Bd6 Bxd6 23. Rxd6 Kg7 24. R6d4 Re7 25. f3 Rd7 26. Kf2 Rxd4 27. Rxd4 Be6 28. Be2 Nd7 29. Ne4 Kf8 30. Nc3 Ke7 31. Rd2 Ne5 32. Rd4 f5 33. f4 Ng6 34. fxg5 hxg5 35. Rd2 Ne5 36. Rd4 Kf6 37. Bf1 Ke7 38. Be2 Kf6 39. Bf1 Ra5 40. Be2 Ra7 41. Bf1 Ra8 42. Be2 Rh8 43. Bf1 g4 44. b3 (44. Nb1 $15) 44... gxh3 $17 45. gxh3 Nf7 (45... Nd7 $17 46. Na4 Ke5) 46. Kg3 ({White should play} 46. Bg2 $15) 46... Ke5 $1 $19 {[%cal Re5d4]} 47. Rd2 (47. Rh4 $142) 47... f4+ 48. Kf2 Ng5 49. Re2+ $2 (49. Rd1 {was the only defense.}) 49... Kf5 (49... Kd4 $142 50. Nb1 Bxh3 51. Rd2+ Ke5) 50. Ke1 (50. Re1 $142) 50... f3 51. Rd2 Kf4 ({Don't do} 51... Nxh3 52. Bxh3+ Rxh3 53. Nd1 $19) 52. Rd4+ $2 (52. h4 {was worth a try.} Rxh4 53. Rd4+ Kg3 54. Rxh4 Kxh4 55. Kf2) 52... Kg3 53. Rd6 (53. h4 {was necessary.} c5 54. Rd6 Rxh4 55. Nd1) 53... Bxh3 54. Bxh3 Nxh3 {[%mdl 4096] Endgame KRN-KRN} ({Less strong is} 54... Kxh3 55. Rg6 $17) 55. Rg6+ Kf4 56. Rf6+ Kg4 57. Rg6+ $2 (57. Nd1 {only move.} Re8+ 58. Kd2) 57... Kf5 58. Rg7 Re8+ 59. Kd2 (59. Kf1 $142 Re3 60. Nd1 Rxb3 61. a4) 59... f2 {And now ...Ke6 would win.} 60. Rf7+ Kg4 {White must now prevent ...Nf4.} 61. Ne2 Rd8+ 62. Ke3 {If White can now play Rg7+ this consolidates a bit.} Re8+ 63. Kd2 $1 Re6 64. a4 c5 65. Rf8 Re4 66. Rf7 Nf4 67. Rg7+ Kh4 68. Rh7+ Kg4 69. Rg7+ Kh4 70. Rh7+ {[#]} Nh5 $2 ({Better is} 70... Kg5 $1 $19 71. Ng3 {[#]} Re2+ $1 {[%mdl 576] Deflection, Promotion} 72. Nxe2 f1=Q) 71. Rf7 $11 {[#]The position is equal.} f1=Q $1 {[%mdl 512]} 72. Rxf1 Rxe2+ {[%mdl 64] Remove Defender, Decoy} 73. Kxe2 {KR-KN} Ng3+ {[%mdl 64] Double Attack} 74. Ke1 $1 Nxf1 75. Kxf1 {K3P-K3P} Kg3 {Strongly threatening ...Kf3.} 76. Ke2 {Ke3 is the strong threat.} Kf4 77. Kf2 Ke4 78. Ke2 $1 Kd4 {Threatens to win with ...Kc3.} 79. Kd2 $1 Ke4 80. Ke2 {Accuracy: White = 42%, Black = 56%.} 1/2-1/2

[Event "Worldchess Armageddon 2019"]
[Site "Moscow"]
[Date "2019.06.14"]
[Round "9.2"]
[White "Dubov, Daniil"]
[Black "Radjabov, Teimour"]
[Result "1/2-1/2"]
[WhiteElo "2700"]
[BlackElo "2759"]
[Annotator "TA"]
[PlyCount "160"]
[EventDate "2019.06.10"]
[EventCountry "RUS"]
[SourceTitle "playchess.com"]
[Source "ChessBase"]
[SourceQuality "1"]

{[%evp 10,160,8,2,9,0,9,5,16,18,14,16,19,12,22,10,10,16,10,4,9,0,0,0,35,33,27,33,28,26,25,19,19,18,18,19,19,19,19,18,18,17,18,19,17,18,66,66,105,66,66,53,54,40,42,42,53,42,42,42,53,42,42,0,53,50,63,42,42,30,42,30,42,30,50,0,50,0,37,0,93,93,93,93,93,0,93,0,105,105,105,105,105,105,105,0,105,105,105,105,105,105,105,0,105,0,105,105,105,0,105,0,0,0,0,0,0,0,0,0,0,0,43,43,43,0,0,0,0,0,0,0,0,0,0,0,0,0,0,0,0,0,0,0,0,0,0,0,0,0,0,0,0]} 1. Nf3 Nf6 2. c4 e6 3. d4 b6 4. Bf4 Bb7 5. e3 Be7 6. Nc3 Nh5 {E12: Queen's Indian: Unusual White 4th moves, 4 a3, 4 Nc3 Bb7 5 a3 and 4 Nc3 Bb7} 7. Bd3 d6 8. O-O Nd7 9. Be4 (9. Qc2 h6 10. Be4 Bxe4 11. Qxe4 O-O 12. Rfe1 Ndf6 13. Qd3 Qd7 14. h3 Nxf4 15. exf4 {1-0 (51) Navara,D (2734)-Karjakin,S (2762) Berlin 2015}) 9... Bxe4 10. Nxe4 O-O 11. Nc3 $146 ({Predecessor:} 11. Qd3 f5 12. Neg5 Rf6 13. Nh3 h6 14. Qe2 {0-1 (82) Van Tricht,M (2435)-Demetrio,A (2528) ICCF email 2007}) 11... Re8 12. h3 Nxf4 13. exf4 Bf6 14. Re1 g6 15. g3 Bg7 16. Qd3 Nf6 17. d5 Qd7 18. Kg2 exd5 19. cxd5 c6 20. Rxe8+ Rxe8 21. dxc6 Qxc6 22. Rd1 Ne4 23. Nxe4 Rxe4 24. Qxd6 Qxd6 25. Rxd6 {And now Rd8+ would win.} Bxb2 $11 {[%mdl 4096] Endgame KRB-KRN} 26. Rd8+ Kg7 27. Rd7 Bf6 28. Rxa7 b5 29. Ra5 Re2 30. a3 Rb2 31. Ne5 Bxe5 32. fxe5 $14 {KR-KR} b4 33. axb4 Rxb4 34. Ra7 Kg8 35. Ra8+ Kg7 36. Ra7 Kg8 37. Ra3 Kg7 38. f4 h5 39. Kf3 Rc4 40. Rb3 Ra4 41. Rc3 Rb4 42. Ra3 Rc4 43. g4 hxg4+ 44. hxg4 Rc1 (44... g5 $1 $11) 45. Ra7 Rf1+ 46. Ke4 Rg1 47. Kf3 Rf1+ $1 48. Kg3 (48. Ke3 $16) 48... Rg1+ {[#]} (48... g5 $1 $11 {remains equal.}) 49. Kh4 $1 $16 Re1 50. Kg5 Re2 51. Re7 Re4 52. Ra7 ({White should try} 52. Rc7 $16) 52... Re1 (52... Re2 $1 $11) 53. Ra6 Re2 54. Ra1 Re3 {[#]} 55. Ra5 $1 Re1 56. Ra7 Re2 $1 57. Ra5 Re1 58. Rb5 Re2 59. Kh4 (59. Rb8 $16) 59... Re1 (59... Re4 $11 {keeps the balance.}) 60. f5 (60. Rb7 $16) 60... gxf5 $11 61. gxf5 Rf1 62. Kg5 {Hoping for f6+.} Rg1+ 63. Kf4 Rf1+ 64. Ke4 Re1+ 65. Kd5 Rf1 66. f6+ Kg6 67. Kd6 Ra1 {The position is equal.} 68. Rb7 Ra6+ 69. Kd5 Ra5+ 70. Ke4 Ra4+ 71. Kd5 Ra5+ 72. Kd4 Ra4+ 73. Kc5 Ra5+ 74. Kd6 Ra6+ 75. Ke7 Re6+ {[%mdl 64] Double Attack} 76. Kf8 Rxe5 77. Rxf7 Re6 78. Kg8 Re8+ 79. Rf8 Rxf8+ 80. Kxf8 {Intending Ke7 and mate.} Kxf6 {Accuracy: White = 39%, Black = 71%.} 1/2-1/2

[Event "Worldchess Armageddon 2019"]
[Site "Moscow"]
[Date "2019.06.14"]
[Round "9.3"]
[White "Radjabov, Teimour"]
[Black "Dubov, Daniil"]
[Result "1-0"]
[WhiteElo "2759"]
[BlackElo "2700"]
[Annotator "TA"]
[PlyCount "113"]
[EventDate "2019.06.10"]
[EventCountry "RUS"]
[SourceTitle "playchess.com"]
[Source "ChessBase"]
[SourceQuality "1"]

{[%evp 14,113,16,10,14,10,15,17,28,22,30,33,27,30,27,37,47,8,15,0,35,25,63,25,72,57,55,58,56,50,49,26,36,24,31,23,153,150,278,265,221,44,95,79,81,60,111,104,113,0,0,0,0,0,0,0,0,0,0,0,0,0,21,13,18,18,21,18,42,13,27,18,18,5,5,8,8,0,97,0,8,0,0,0,0,0,10,10,73,58,143,41,286,309,293,295,754,345,318,309,29987,29988]} 1. Nf3 Nf6 2. b3 g6 3. Bb2 Bg7 4. g3 b6 5. Bg2 Bb7 6. O-O c5 7. c4 d5 8. cxd5 O-O {A30: Symmetrical English: Double Fianchetto and Hedgehog} 9. d4 Nxd5 10. Qd2 Nc7 {The position is equal.} 11. Rd1 cxd4 12. Bxd4 Bxd4 13. Nxd4 Bxg2 14. Kxg2 Qd5+ 15. Nf3 Qxd2 16. Nbxd2 {[#]} Nd7 $146 ({Predecessor:} 16... Ne6 17. Rac1 Nd7 18. Nc4 Rfd8 19. Nd4 Nxd4 20. Rxd4 Nc5 21. Rcd1 Rxd4 22. Rxd4 Rc8 23. h4 {½-½ (23) Cifuentes Parada,R (2490)-Tal,M (2625) Rio Hondo 1987}) 17. Nd4 Nf6 18. Rac1 Na6 19. Nc6 Rfe8 20. Nc4 Nc5 21. b4 Na4 22. f3 Kf8 23. N4e5 Rec8 24. g4 g5 (24... Rc7 $1 $11) 25. h4 $1 $36 {[%cal Rh4g5][%mdl 2048] Keeping Black busy.} h6 (25... gxh4 $16 {keeps fighting.} 26. g5 Ng8) 26. hxg5 $18 hxg5 27. Kf2 $2 ({Only move:} 27. f4 $1 $18) 27... Rc7 (27... e6 $1 $14) 28. Rh1 Rac8 29. b5 Kg7 (29... Nc5 $1 $14) 30. Nd3 $1 $16 e6 31. Rc4 (31. Nxa7 $1 $16 Rxc1 32. Rxc1 Rxc1 33. Nxc1) 31... a6 $1 $11 {[%cal Ra6b5]} 32. Rxa4 axb5 33. Rb4 {aiming for Nd4.} Rxc6 34. Rxb5 Nd5 35. Rh5 f6 36. Rb1 Rc2 37. Rbh1 Rg8 38. Rh7+ Kf8 39. Rb7 Rc7 $1 {[%cal Rc7b7]} 40. Rxc7 Nxc7 {[%mdl 4096] Endgame KRN-KRN} 41. Rc1 Nd5 42. e4 Ne7 $1 43. Rb1 Kf7 44. Rxb6 Ra8 45. Nb4 Ra3 {[#]} (45... Ra4 $1 $11) 46. Rb7 (46. Ra6 $1 $16 {[%cal Ra6a3]} Rc3 47. Ra7) 46... Kf8 47. Ke2 Ng6 48. Nc6 Nf4+ 49. Kd2 Rd3+ (49... Rxa2+ {is more complex.} 50. Ke1 Nd3+ 51. Kd1 Ra3 52. Ke2 Nf4+) 50. Kc2 Rxf3 (50... Ra3 $1 $11 {keeps the balance.}) 51. a4 $16 {[%cal Ba2a4,Ba4a5][%mdl 32]} Rf2+ (51... Ne2 $14) 52. Kc3 ({White has to play} 52. Kb3 $16) 52... Rf3+ $2 {[#]} ({Better is} 52... Rf1 $14 53. Kc2 Rf2+ 54. Kb3 Rf1 55. Rb8+ Kf7) 53. Kc4 $1 $18 Rf1 54. a5 {And now a6 would win.} Rd1 $2 (54... Ra1 55. Kb5 Ne2) 55. Kb5 (55. a6 $142 Ra1 56. a7) 55... Rb1+ 56. Nb4 {a6 is the strong threat.} Rxb4+ $2 (56... Nd3 $18) 57. Kxb4 {Accuracy: White = 48%, Black = 34%.} 1-0

[Event "Worldchess Armageddon 2019"]
[Site "Moscow"]
[Date "2019.06.14"]
[Round "10.1"]
[White "Karjakin, Sergey"]
[Black "Wei, Yi"]
[Result "1-0"]
[WhiteElo "2748"]
[BlackElo "2741"]
[Annotator "TA"]
[PlyCount "69"]
[EventDate "2019.06.10"]
[EventCountry "RUS"]
[SourceTitle "playchess.com"]
[Source "ChessBase"]
[SourceQuality "1"]

{[%evp 9,69,10,18,12,18,0,12,7,12,0,0,4,20,-27,26,23,14,22,16,5,25,17,52,29,41,30,29,10,20,22,103,80,79,70,72,79,144,139,227,228,229,175,342,329,433,433,416,277,360,293,281,280,315,305,345,298,478,487,472,488,472,432]} 1. e4 c6 2. Nf3 d5 3. exd5 cxd5 4. Ne5 g6 (4... Nc6 5. Bb5 Bd7 6. Nxd7 Qxd7 7. d4 a6 8. Be2 e6 9. c3 Nf6 10. Nd2 Bd6 11. Nf3 O-O {0-1 (51) Duda,J (2737)-So,W (2780) chess.com INT 2018}) 5. d4 Bg7 6. c3 {B10: Caro-Kann: 2 d3 and 2 c4} Nf6 7. Bd3 O-O 8. O-O {The position is equal.} Nc6 9. Qe2 Nxe5 $146 ({Predecessor:} 9... Qc7 10. Nd2 Nxe5 11. dxe5 Ne4 12. Nxe4 dxe4 13. Bxe4 {½-½ (20) Martens,M (2409)-Willemze,J (2413) Netherlands 2007}) 10. dxe5 Ne4 11. Nd2 Bxe5 (11... Nc5 $142) 12. Nxe4 $11 dxe4 13. Bxe4 Qc7 14. g3 Bh3 15. Rd1 Bg7 16. Be3 a6 17. a4 Rad8 18. a5 {[#] Strongly threatening Rxd8.} Rxd1+ $1 19. Rxd1 Bd7 (19... Qxa5 $11 20. Bxb7 Rd8) 20. Bb6 $36 {[%mdl 2048] Black is under strong pressure.} Qc8 21. Qd3 Bb5 22. Qf3 Qe6 (22... Bc6 $142) 23. Kg2 Kh8 (23... h5 $16) 24. Bd5 $18 Qe5 {[#] aiming for ...Be2.} 25. Qe4 Qh5 $2 (25... Qd6) 26. Re1 e6 27. Bxb7 Rb8 28. Bc6 h6 29. Bxb5 Qxb5 30. Qe2 Qd5+ 31. Qf3 Qd7 32. Rd1 Qe7 $2 (32... Qe8 {might work better.} 33. b4 Kg8) 33. Qc6 {White is clearly winning.} Qg5 34. Rd7 Qf5 35. Qf3 {Accuracy: White = 73%, Black = 14%.} 1-0

[Event "Worldchess Armageddon 2019"]
[Site "Moscow"]
[Date "2019.06.14"]
[Round "10.2"]
[White "Wei, Yi"]
[Black "Karjakin, Sergey"]
[Result "1/2-1/2"]
[WhiteElo "2741"]
[BlackElo "2748"]
[Annotator "TA"]
[PlyCount "84"]
[EventDate "2019.06.10"]
[EventCountry "RUS"]
[SourceTitle "playchess.com"]
[Source "ChessBase"]
[SourceQuality "1"]

{[%evp 9,84,-20,-25,-245,0,0,0,-14,0,0,0,0,0,0,0,0,0,-12,6,-37,-40,-52,0,0,7,2,0,12,22,22,35,39,42,35,38,13,12,0,0,-22,62,67,89,-3,-4,-5,-8,-35,0,-7,-4,-20,-20,-336,-353,-629,-620,-547,-39,-66,-36,-67,-20,-31,-31,-31,-19,-22,-22,-85,-8,-12,0,-74,0,-13,0]} 1. Nf3 d5 2. c4 e6 3. b3 d4 4. g3 c5 5. e3 Nc6 {[%cal Bb8c6,Bc6b4,Bb4d3][%mdl 32]} 6. Qe2 $146 {[#] A13: English Opening: 1...e6} (6. exd4 $11 {and White is okay.} cxd4 7. Bg2) ({Predecessor:} 6. exd4 cxd4 7. Bg2 Nf6 8. O-O Bd6 9. d3 O-O 10. Re1 Re8 11. a3 a5 12. Qc2 e5 13. Bg5 h6 14. Bxf6 Qxf6 15. Nbd2 Bf8 16. c5 Qe7 17. Rac1 {½-½ (57) Sargissian,G (2691)-Mastrovasilis,D (2594) Batumi 2018}) 6... Nf6 $2 (6... d3 $1 $19 {[%cal Rd3e2][%mdl 512]} 7. Qxd3 Qf6 {[%mdl 64] Double Attack}) 7. Bg2 $11 Nb4 8. d3 dxe3 9. Bxe3 Qxd3 10. Qxd3 Nxd3+ 11. Ke2 Nb4 $1 12. Nc3 Be7 13. Rad1 O-O 14. Rd2 {Black should prevent Ne5.} Nc6 15. Na4 Ne4 ({Black should try} 15... Re8 $15) 16. Rdd1 f5 17. Rhe1 e5 18. Kf1 Be6 19. Nd2 Nxd2+ 20. Rxd2 Rad8 21. Bxc6 bxc6 22. Rxd8 Rxd8 23. Bxc5 Bf6 24. Bxa7 f4 (24... Ra8 $11 25. Bc5 Bxc4+ 26. Kg2 Bb5) 25. Nc3 $14 Rd2 26. Kg1 (26. Re2 $1 $16 {[%cal Re2d2]} Rd7 27. Bc5) 26... Rc2 $11 27. Ne4 Rxa2 28. Bb8 fxg3 29. hxg3 Bg4 30. Nc5 Bf3 31. Nd3 $2 {[%mdl 8192]} (31. Bc7 $11 {and White stays safe.}) 31... e4 $19 32. Ne5 $2 (32. Nc5 Bc3 33. Rf1) 32... Bxe5 $1 33. Bxe5 {[%mdl 4096] Endgame [#] KRB-KRB} Kf7 $2 (33... Ra5 $1 $19 34. Ra1 Rxe5 35. Ra8+ Kf7) 34. Bd4 g5 (34... Ra5 $5 {[%cal Ra5h5]} 35. g4 c5 $15) 35. Kh2 h6 36. g4 Rd2 37. Be3 Rb2 38. Ra1 Rxb3 39. Ra7+ {[#]} (39. Kg3 $11 {remains equal.}) 39... Ke8 ({Black should play} 39... Kg6 $1 $17) 40. Ra8+ $11 Kf7 (40... Kd7 $11) 41. Ra7+ $17 Ke8 (41... Kg6 $17) 42. Ra8+ $11 Kf7 {Accuracy: White = 38%, Black = 42%.} 1/2-1/2

[Event "Worldchess Armageddon 2019"]
[Site "Moscow"]
[Date "2019.06.15"]
[Round "11.1"]
[White "Radjabov, Teimour"]
[Black "Karjakin, Sergey"]
[Result "1/2-1/2"]
[WhiteElo "2759"]
[BlackElo "2748"]
[Annotator "TA"]
[PlyCount "67"]
[EventDate "2019.06.10"]
[EventCountry "RUS"]
[SourceTitle "playchess.com"]
[Source "ChessBase"]
[SourceQuality "1"]

{[%evp 23,67,0,6,7,0,0,7,11,7,4,6,7,20,10,42,41,50,40,40,38,51,51,65,63,58,41,41,39,44,29,32,0,0,0,28,14,20,0,0,0,8,0,0,0,13,0]} 1. e4 e5 2. Nf3 Nc6 3. Nc3 Nf6 4. d4 exd4 5. Nxd4 Bb4 6. Nxc6 bxc6 7. Bd3 O-O 8. O-O d5 9. exd5 cxd5 10. Qf3 c6 11. h3 Bd6 ({Predecessor:} 11... Rb8 12. Bg5 {½-½ (45) Antal,G (2505)-Stopa,J (2540) Forni di Sopra 2015}) 12. Bg5 Rb8 13. b3 {C47: Scotch Four Knights and Four Knights with 4 g3} Be5 14. Bf4 {[#]} Bxc3 $146 (14... Bxf4 15. Qxf4 Be6 16. Na4 Qa5 17. Rfe1 c5 18. c4 dxc4 19. Bxc4 Bxc4 20. Qxc4 Rb4 {½-½ (37) Nisipeanu,L (2657)-Demchenko,A (2670) Barcelona 2018}) 15. Bxb8 {Bxh7+! is the strong threat.} Bxa1 16. Rxa1 Bg4 $1 {[%cal Rg4f3]} 17. hxg4 Qxb8 18. Re1 Re8 19. Rxe8+ Qxe8 20. Qf4 h6 21. g3 Qd8 22. b4 g6 23. Kg2 Qe7 24. a3 {[%cal Ba2a3,Ba3a4,Ba4a5,Ba5a6][%mdl 32]} Kg7 25. Qd4 Kg8 26. c3 Kg7 27. a4 Qe1 $1 28. a5 Qd2 29. a6 g5 $1 {The position is equal.} 30. Kf3 {aiming for Kg2.} Qd1+ $1 31. Kg2 {[#] And now Qe3 would win.} Qd2 32. Kf3 Qd1+ $1 33. Kg2 {Black must now prevent Qe3.} Qd2 34. Kf3 {Accuracy: White = 74%, Black = 81%.} 1/2-1/2